| 000 | 00000nam##2200000za#4500 |
| 001 | 9.602716 |
| 003 | CaOODSP |
| 005 | 20240212134142 |
| 007 | cr ||||||||||| |
| 008 | 150406|1992||||xxc|||||o f|0| 0 fre|d |
| 040 | |aCaOODSP|bfre |
| 043 | |an-cn--- |
| 086 | 1 |aNE22-1/1992-16F-PDF |
| 110 | 1 |aCanada. |bOffice national de l'énergie. |
| 245 | 10|aAddendum des motifs de décision relativement à Pipeline Interprovincial Inc. : |h[ressource électronique]|bdemande en date du 27 juin 1991 relative à de nouveaux droits à compter du 1er janvier 1992 |
| 246 | 1 |iTitre de renvoi : |aPipeline Interprovincial Inc. |
| 260 | |aCalgary - Alberta : |bOffice national de l'énergie |cSeptembre 1992. |
| 300 | |a20p.|btableaux |
| 490 | 1 |aMotifs de décision|vRH-2-91 |
| 500 | |aLe nº de catalogue (NE22-1/1992-16F) et l'ISBN (0-662-97822-6) de l'édition imprimée ont été incorrectement copiés dans cette édition électronique. |
| 590 | |a12-06-Supp|b2012-03-07 |
| 775 | 08|tAddendum to reasons for decision in the matter of Interprovincial Pipe Line Inc. : |w(CaOODSP)9.572339 |
| 776 | 0#|tPipeline Interprovincial Inc. : |w(CaOODSP)9.620716 |
| 830 | #0|aMotifs de décision (Canada. Office national de l'énergie)|vRH-2-91|w(CaOODSP)9.500899 |
| 856 | 40|ahttp://publications.gc.ca|qPDF|s81 Ko|uhttps://publications.gc.ca/collections/Collection/NE22-1-1992-16F.pdf|yRH-2-91 |